[Event "Olomouc 2010 - Open Olomouc"]
[Site "Olomouc (CZE), Hotel Sigma"]
[Date "2010.08.09"]
[Round "6.3"]
[White "Pozin, Sergey"]
[Black "Jasny, Stanislav"]
[Result "0-1"]
[WhiteElo "2414"]
[BlackElo "2323"]
[PlyCount "68"]
[EventDate "2010.08.05"]

1. d4 d5 2. Nf3 Nf6 3. Bf4 c5 4. e3 Qb6 5. Nc3 Bd7 6. Rb1 e6 7. Be2 Be7 8. O-O
O-O 9. a3 cxd4 10. exd4 Rc8 11. Bd3 Be8 12. Re1 Nc6 13. Qd2 Na5 14. Bh6 Nc4 15.
Qg5 Bf8 16. Bxc4 Rxc4 17. Ne5 Rcc8 18. Re3 Rxc3 19. Rxc3 Ne4 20. Qc1 Qxd4 21.
Nf3 Qxf2+ 22. Kh1 gxh6 23. Re3 Bc5 24. Rxe4 dxe4 25. Ne5 e3 26. Nd3 Qf5 27. Qe1
Bc6 28. Rd1 Bb6 29. Qe2 Qg5 30. c4 Rd8 31. b4 Rxd3 32. Rxd3 Qxg2+ 33. Qxg2+
Bxg2+ 34. Kxg2 e2 0-1

[Event "Olomouc 2010 - Open Olomouc"]
[Site "Olomouc (CZE), Hotel Sigma"]
[Date "2010.08.09"]
[Round "6.5"]
[White "Savitskiy, Sergey"]
[Black "Gorbatov, Alexey"]
[Result "1-0"]
[WhiteElo "2245"]
[BlackElo "2390"]
[PlyCount "59"]
[EventDate "2010.08.05"]

1. e4 c5 2. Nf3 a6 3. Nc3 e6 4. d4 cxd4 5. Nxd4 b5 6. Bd3 Bb7 7. Qe2 Bc5 8. Nb3
Bb4 9. Bd2 Nf6 10. O-O-O Nc6 11. a3 Bxc3 12. Bxc3 Qe7 13. Na5 Nxa5 14. Bxa5 Qc5
15. Kb1 Qc6 16. Rhe1 e5 17. Bb4 Qb6 18. g4 h6 19. h4 O-O-O 20. Qd2 Nxg4 21. Ba5
Qxf2 22. Be2 Nf6 23. Qd6 Ne8 24. Qxe5 Qf6 25. Qc5+ Qc6 26. Qa7 Nd6 27. Rd5 Nxe4
28. Bf3 Rde8 29. Rxe4 d6 30. Bg4+ 1-0

[Event "Olomouc 2010 - Open Olomouc"]
[Site "Olomouc (CZE), Hotel Sigma"]
[Date "2010.08.09"]
[Round "6.6"]
[White "Nguyen, Piotr"]
[Black "Cagasik, Tomas"]
[Result "0-1"]
[WhiteElo "2372"]
[BlackElo "2238"]
[PlyCount "108"]
[EventDate "2010.08.05"]

1. c4 e6 2. g3 d5 3. Nf3 c6 4. Bg2 Nd7 5. O-O Ngf6 6. b3 Be7 7. Bb2 O-O 8. d3
a5 9. Nbd2 a4 10. e4 dxe4 11. dxe4 Nc5 12. Qc2 Qd3 13. Qxd3 Nxd3 14. Bc3 Rd8
15. e5 Nd7 16. Rfd1 f5 17. Nf1 N7c5 18. Rab1 axb3 19. axb3 Nxf2 20. Rxd8+ Bxd8
21. b4 Nfe4 22. Bd4 Na6 23. N3d2 Nxd2 24. Nxd2 Bg5 25. Bc3 c5 26. b5 Nb8 27.
Nb3 Ra4 28. Ba5 Nd7 29. Bc7 b6 30. Bc6 Ra7 31. Bd6 Kf7 32. Ra1 Rxa1+ 33. Nxa1
Ke8 34. Nb3 Kd8 35. Kf2 Be7 36. Bxd7 Kxd7 37. Bxe7 Kxe7 38. Nd2 Bb7 39. Ke3 g5
40. Nb1 Bg2 41. Nd2 Kf7 42. Kf2 Bb7 43. Nf1 Kg6 44. Ne3 f4 45. Ng4 Be4 46. Ke2
Kf5 47. Nh6+ Kxe5 48. Nf7+ Kd4 49. Nxg5 fxg3 50. hxg3 Bf5 51. Kf3 Kxc4 52. g4
Bg6 53. Nxe6 Kxb5 54. Ke3 Kc4 0-1

[Event "Olomouc 2010 - Open Olomouc"]
[Site "Olomouc (CZE), Hotel Sigma"]
[Date "2010.08.09"]
[Round "6.7"]
[White "Berezovich, Alexander"]
[Black "Malinovsky-Jun., Karel"]
[Result "1/2-1/2"]
[WhiteElo "2228"]
[BlackElo "2348"]
[PlyCount "61"]
[EventDate "2010.08.05"]

1. g3 Nf6 2. Bg2 d5 3. c4 e6 4. b3 Be7 5. Nf3 O-O 6. Bb2 c5 7. O-O d4 8. e3 Nc6
9. exd4 cxd4 10. Re1 Re8 11. d3 Bf8 12. Ba3 Bxa3 13. Nxa3 e5 14. Qd2 Bg4 15. b4
a6 16. h3 Bh5 17. Qb2 a5 18. b5 Nb4 19. Rxe5 Bxf3 20. Rxe8+ Nxe8 21. Bxf3 Nxd3
22. Qd2 Nc5 23. Rd1 d3 24. Qe3 Qd6 25. Nc2 Rd8 26. Ne1 Nf6 27. Nxd3 Nxd3 28.
Be2 Qe6 29. Rxd3 Rxd3 30. Qxd3 g6 31. Bf3 1/2-1/2

[Event "Olomouc 2010 - Open Olomouc"]
[Site "Olomouc (CZE), Hotel Sigma"]
[Date "2010.08.09"]
[Round "6.8"]
[White "Groetz, Harald"]
[Black "Furman, Boris"]
[Result "1-0"]
[WhiteElo "2315"]
[BlackElo "2237"]
[PlyCount "67"]
[EventDate "2010.08.05"]

1. e4 c5 2. Nf3 Nc6 3. d4 cxd4 4. Nxd4 Nf6 5. Nc3 d6 6. f3 e5 7. Nb3 Be7 8. Be3
O-O 9. Qd2 a5 10. Bb5 Na7 11. Be2 Be6 12. Rd1 Nc8 13. Qc1 Nd7 14. Nd5 a4 15.
Nd2 Bg5 16. Nc4 Bxe3 17. Ncxe3 a3 18. b3 Ndb6 19. Qd2 Nxd5 20. Nxd5 Qh4+ 21. g3
Qd8 22. Ne3 h5 23. Bc4 h4 24. Bd5 Ra7 25. Ng2 hxg3 26. hxg3 b5 27. Nf4 Bxd5 28.
Qh2 f6 29. Qh7+ Kf7 30. Qg6+ Kg8 31. Nxd5 Ne7 32. Nxe7+ Rxe7 33. Rd2 Qa5 34.
Kd1 1-0

[Event "Olomouc 2010 - Open Olomouc"]
[Site "Olomouc (CZE), Hotel Sigma"]
[Date "2010.08.09"]
[Round "6.10"]
[White "Johansson, Jan"]
[Black "Schmid, Thomas"]
[Result "1-0"]
[WhiteElo "2428"]
[BlackElo "2166"]
[PlyCount "53"]
[EventDate "2010.08.05"]

1. d4 Nf6 2. c4 g6 3. Nc3 Bg7 4. Bg5 O-O 5. Nf3 h6 6. Bf4 d6 7. h3 Nbd7 8. Qd2
Kh7 9. g4 Ng8 10. e3 e5 11. Bg3 c6 12. Bg2 Qe7 13. O-O-O f5 14. gxf5 gxf5 15.
Qc2 Qf7 16. Ne2 Ne7 17. Kb1 Kh8 18. h4 a6 19. h5 b5 20. c5 e4 21. Nh4 dxc5 22.
dxc5 Qxh5 23. Bd6 Re8 24. Nf4 Qf7 25. Bxe7 Rxe7 26. Nfg6+ Kh7 27. Nxe7 1-0

[Event "Olomouc 2010 - Open Olomouc"]
[Site "Olomouc (CZE), Hotel Sigma"]
[Date "2010.08.09"]
[Round "6.11"]
[White "Ageichenko, Gennady"]
[Black "Mariano, Elia"]
[Result "1-0"]
[WhiteElo "2402"]
[BlackElo "2200"]
[PlyCount "80"]
[EventDate "2010.08.05"]

1. d4 d5 2. c4 e6 3. Nf3 c6 4. Nbd2 f5 5. g3 Nf6 6. Bg2 Bd6 7. Ne5 O-O 8. Ndf3
Ne4 9. O-O Nd7 10. Bf4 Ndf6 11. c5 Be7 12. Nd3 Qe8 13. Nfe5 Nh5 14. Bc1 Ng5 15.
a4 Nf7 16. b4 a6 17. Rb1 g5 18. b5 axb5 19. axb5 Ng7 20. Qb3 Nxe5 21. Nxe5 cxb5
22. Bd2 Ra4 23. e3 Qh5 24. Qxb5 Ra2 25. Rb2 Rxb2 26. Qxb2 Rf6 27. Ra1 g4 28.
Ra8 Rf8 29. Qb6 Bf6 30. Qc7 Bxe5 31. Qxe5 Qf7 32. Rb8 Nh5 33. Bb4 Re8 34. Ba5
Nf6 35. Qf4 Qg7 36. Bc7 Ne4 37. Bf1 Kf7 38. Bb5 Rg8 39. Bd8 Kg6 40. Rxc8 Nc3
1-0

[Event "Olomouc 2010 - Open Olomouc"]
[Site "Olomouc (CZE), Hotel Sigma"]
[Date "2010.08.09"]
[Round "6.13"]
[White "Krapivin, Vladislav"]
[Black "Sochorova, Petra"]
[Result "0-1"]
[WhiteElo "2362"]
[BlackElo "2175"]
[PlyCount "98"]
[EventDate "2010.08.05"]

1. e4 e6 2. d4 d5 3. exd5 exd5 4. Bd3 Nc6 5. c3 Bd6 6. Qf3 Be6 7. Ne2 Qd7 8. h3
O-O-O 9. a4 h5 10. Na3 Bg4 11. Qxd5 Nb4 12. Qb5 Nxd3+ 13. Qxd3 Bxe2 14. Qxe2
Re8 15. Be3 f5 16. Nb5 f4 17. Nxa7+ Kb8 18. Nb5 fxe3 19. fxe3 Nf6 20. Nxd6 Qxd6
21. O-O Ne4 22. Rf7 g5 23. a5 Qe6 24. Rg7 Ng3 25. Qf3 Qxe3+ 26. Qxe3 Rxe3 27.
Rxg5 h4 28. Rg4 Re2 29. Rf4 Rxb2 30. Rf2 Rb3 31. Rf3 Re8 32. c4 Rxf3 33. gxf3
Ne2+ 34. Kf2 Nxd4 35. Rg1 Nf5 36. Rg5 Rf8 37. f4 Nd6 38. Kf3 Nxc4 39. Rc5 Nd6
40. Kg4 Ne4 41. Re5 Nf2+ 42. Kxh4 Rxf4+ 43. Kg3 Nxh3 44. Kxh3 Ka7 45. Kg3 Rf6
46. Rc5 c6 47. Kg4 Ka6 48. Kg3 Rf1 49. Kg2 Ra1 0-1

[Event "Olomouc 2010 - Open Olomouc"]
[Site "Olomouc (CZE), Hotel Sigma"]
[Date "2010.08.09"]
[Round "6.14"]
[White "Gunajew, Rafal"]
[Black "Zielinski, Stanislaw"]
[Result "0-1"]
[WhiteElo "2324"]
[BlackElo "2138"]
[PlyCount "75"]
[EventDate "2010.08.05"]

1. e4 e5 2. Nf3 Nc6 3. d4 exd4 4. Nxd4 Nf6 5. Nxc6 bxc6 6. e5 Qe7 7. Qe2 Nd5 8.
c4 Nb6 9. Nd2 a5 10. b3 Ba6 11. a4 Nd5 12. Bb2 Nb4 13. O-O-O O-O-O 14. h4 Qe6
15. f4 d5 16. g3 Kb8 17. g4 Bc5 18. f5 Qc8 19. Qf3 Rhe8 20. Kb1 Qb7 21. Rc1 Qb6
22. cxd5 Bxf1 23. Rhxf1 cxd5 24. Qc3 Be3 25. Rcd1 d4 26. Qc4 Rxe5 27. Qxf7 Nd5
28. Rf3 Nc3+ 29. Kc2 Nxd1 30. Nc4 Qc6 31. Qxg7 Nxb2 32. Kxb2 Qxf3 33. Qxe5 Qe2+
34. Kb1 Qd1+ 35. Ka2 Qc2+ 36. Nb2 Rd6 37. f6 Bc1 38. Qe8+ 0-1

[Event "Olomouc 2010 - Open Olomouc"]
[Site "Olomouc (CZE), Hotel Sigma"]
[Date "2010.08.09"]
[Round "6.18"]
[White "Aranaz, Jose Carlos"]
[Black "Stachanczyk, Jacek"]
[Result "0-1"]
[WhiteElo "2106"]
[BlackElo "2267"]
[PlyCount "102"]
[EventDate "2010.08.05"]

1. d4 d5 2. c4 c6 3. Nc3 dxc4 4. e3 b5 5. a4 b4 6. Na2 e6 7. Bxc4 Nf6 8. Nf3
Nbd7 9. O-O Bb7 10. Qe2 Qb6 11. Bd2 a5 12. Nc1 Be7 13. Nb3 c5 14. dxc5 Nxc5 15.
Nxc5 Bxc5 16. Bb5+ Ke7 17. Rac1 Rhd8 18. Rfd1 Rac8 19. Ne5 Bd5 20. Be1 Kf8 21.
Rd2 Bd6 22. Rxc8 Rxc8 23. Nf3 Qc7 24. h3 Ne4 25. Rd1 Qe7 26. Ba6 Rc5 27. Bd3
Bb8 28. Bd2 Qc7 29. Kf1 h6 30. Ke1 Kg8 31. Kf1 g6 32. Be1 f5 33. g3 Nd6 34. h4
Ne4 35. Nd4 Nf6 36. f3 e5 37. Nb5 Qb7 38. e4 fxe4 39. fxe4 Bb3 40. Rd2 Qc8 41.
Qf3 Rc6 42. Be2 Bxa4 43. b3 Qh3+ 44. Kg1 Bxb5 45. Bxb5 Ba7+ 46. Bf2 Rc1+ 47.
Rd1 Rxd1+ 48. Qxd1 Qxg3+ 49. Kh1 Qh3+ 50. Kg1 Bxf2+ 51. Kxf2 Nxe4+ 0-1

[Event "Olomouc 2010 - Open Olomouc"]
[Site "Olomouc (CZE), Hotel Sigma"]
[Date "2010.08.09"]
[Round "6.19"]
[White "Faellman, Micael"]
[Black "Bugalski, Michal"]
[Result "0-1"]
[WhiteElo "2096"]
[BlackElo "2252"]
[PlyCount "124"]
[EventDate "2010.08.05"]

1. d4 Nf6 2. Nf3 e6 3. c4 Bb4+ 4. Nbd2 O-O 5. a3 Bxd2+ 6. Qxd2 d6 7. e3 Qe7 8.
Be2 e5 9. Qc2 a5 10. b3 Nc6 11. dxe5 dxe5 12. Bb2 Bg4 13. O-O Rfe8 14. Rad1 h6
15. Ne1 Be6 16. Bf3 Nd7 17. Bd5 Nd8 18. Bxe6 Nxe6 19. Nf3 Nec5 20. Qc3 c6 21.
Ba1 Qe6 22. h3 f6 23. Qc2 Nb6 24. a4 Nbd7 25. Bc3 b6 26. Rd2 Red8 27. Rfd1 Qe8
28. Nh4 Nf8 29. Nf5 Rxd2 30. Rxd2 Rd8 31. Rxd8 Qxd8 32. b4 axb4 33. Bxb4 Nfe6
34. Qa2 Qd1+ 35. Kh2 Qxa4 36. Qxa4 Nxa4 37. Ne7+ Kf7 38. Nxc6 Nb2 39. Kg3 Nxc4
40. f4 Nc5 41. fxe5 fxe5 42. Kf3 Ke6 43. Bc3 Kd6 44. Nb4 b5 45. h4 Nd7 46. g4
g6 47. Ke4 Nf6+ 48. Kf3 h5 49. gxh5 gxh5 50. Nc2 Nb6 51. Na3 e4+ 52. Ke2 Nfd5
53. Bd4 b4 54. Nb1 Nc4 55. Nd2 Nxd2 56. Kxd2 Ke6 57. Kc2 Kf5 58. Kb3 Kg4 59.
Kc4 Ne7 60. Kxb4 Nf5 61. Kc4 Nxh4 62. Bf6 Ng2 0-1

[Event "Olomouc 2010 - Open Olomouc"]
[Site "Olomouc (CZE), Hotel Sigma"]
[Date "2010.08.10"]
[Round "7.1"]
[White "Castaldo, Folco"]
[Black "Jasny, Stanislav"]
[Result "1/2-1/2"]
[WhiteElo "2403"]
[BlackElo "2323"]
[PlyCount "105"]
[EventDate "2010.08.05"]

1. e4 c5 2. Nc3 Nc6 3. f4 e6 4. Nf3 a6 5. g3 d6 6. Bg2 Nf6 7. O-O Qc7 8. d3 Be7
9. h3 Bd7 10. Ne2 h6 11. Be3 d5 12. e5 Nh7 13. c3 g5 14. d4 gxf4 15. gxf4 cxd4
16. Nexd4 Rg8 17. Kh1 O-O-O 18. Qe2 Nxd4 19. Bxd4 Nf8 20. Qf2 Qc4 21. Qe3 Bb5
22. f5 exf5 23. Nd2 Qd3 24. Qxd3 Bxd3 25. Rf3 Bc2 26. Rc1 Be4 27. Nxe4 fxe4 28.
Rxf7 Bg5 29. Rcf1 Ne6 30. Bb6 Rd7 31. c4 Rxf7 32. Rxf7 Nf4 33. Bf1 Nd3 34. e6
dxc4 35. e7 Re8 36. h4 Bxe7 37. Bh3+ Kb8 38. Bd7 Bd8 39. Bxe8 Bxb6 40. Re7 Bc5
41. Re6 e3 42. Bg6 Nf4 43. Re8+ Kc7 44. Bf5 h5 45. Kh2 Bd6 46. Kg1 e2 47. Kf2
Bb4 48. Rxe2 Nxe2 49. Kxe2 Be7 50. Bg6 Bxh4 51. Bxh5 Bf6 52. b3 c3 53. a4
1/2-1/2

[Event "Olomouc 2010 - Open Olomouc"]
[Site "Olomouc (CZE), Hotel Sigma"]
[Date "2010.08.10"]
[Round "7.3"]
[White "Cagasik, Tomas"]
[Black "Groetz, Harald"]
[Result "1-0"]
[WhiteElo "2238"]
[BlackElo "2315"]
[PlyCount "89"]
[EventDate "2010.08.05"]

1. e4 c5 2. Na3 e6 3. Nf3 Nc6 4. c3 Nf6 5. Qa4 a6 6. Bb5 Na7 7. Be2 b5 8. Qc2
Bb7 9. d3 d6 10. Bg5 Be7 11. O-O Qc7 12. Nb1 c4 13. a4 O-O 14. axb5 axb5 15.
Nd4 cxd3 16. Bxd3 b4 17. Rxa7 Rxa7 18. Nb5 Qb8 19. Nxa7 Qxa7 20. cxb4 Rc8 21.
Nc3 Qd4 22. b5 h6 23. Be3 Qb4 24. Ra1 Ng4 25. Bc1 d5 26. h3 d4 27. Ra4 Qd6 28.
hxg4 dxc3 29. bxc3 Bf6 30. c4 Bd4 31. Qe2 Rd8 32. Bc2 Qb6 33. Be3 e5 34. Ra1
Bxe3 35. Qxe3 Qxe3 36. fxe3 Rd2 37. Rc1 Bc8 38. b6 Bb7 39. c5 Bc6 40. Bb3 Bxe4
41. c6 Rd8 42. c7 Rc8 43. Rd1 Bb7 44. Rd8+ Kh7 45. Rxc8 1-0

[Event "Olomouc 2010 - Open Olomouc"]
[Site "Olomouc (CZE), Hotel Sigma"]
[Date "2010.08.10"]
[Round "7.4"]
[White "Juptner, Jan"]
[Black "Savitskiy, Sergey"]
[Result "0-1"]
[WhiteElo "2283"]
[BlackElo "2245"]
[PlyCount "82"]
[EventDate "2010.08.05"]

1. d4 Nf6 2. c4 g6 3. Nc3 Bg7 4. g3 O-O 5. Bg2 d6 6. Nf3 c6 7. O-O Bf5 8. Ne1
e5 9. d5 Qd7 10. e4 Bh3 11. f3 Bxg2 12. Kxg2 cxd5 13. cxd5 Na6 14. Nd3 h5 15.
Be3 Nh7 16. Rc1 f5 17. Qd2 Rf7 18. a4 h4 19. gxh4 f4 20. Bf2 g5 21. h3 gxh4 22.
Bg1 Nf6 23. Nf2 Nc7 24. Ng4 Nxg4 25. hxg4 Ne8 26. Bf2 Nf6 27. Kh3 Bh6 28. Nb5
Ne8 29. Rh1 a6 30. Na3 Qxa4 31. Nc4 Qb5 32. Nb6 Rd8 33. Kxh4 Nf6 34. Kh3 Rh7
35. Rhg1 Bg5+ 36. Kg2 Nxg4 37. Rh1 Ne3+ 38. Kg1 Rg7 39. Nc8 Bh4+ 40. Kh2 Rg2+
41. Kh3 Qd7+ 0-1

[Event "Olomouc 2010 - Open Olomouc"]
[Site "Olomouc (CZE), Hotel Sigma"]
[Date "2010.08.10"]
[Round "7.5"]
[White "Stachanczyk, Jacek"]
[Black "Johansson, Jan"]
[Result "0-1"]
[WhiteElo "2267"]
[BlackElo "2428"]
[PlyCount "30"]
[EventDate "2010.08.05"]

1. e4 e5 2. Nf3 d6 3. d4 exd4 4. Nxd4 Nf6 5. Nc3 Be7 6. Bf4 O-O 7. Qd2 Nc6 8.
O-O-O Nxd4 9. Qxd4 Be6 10. Be2 a6 11. Bf3 Nd7 12. Qe3 Bf6 13. Nd5 Bxd5 14. Rxd5
Nb6 15. Rh5 Bxb2+ 0-1

[Event "Olomouc 2010 - Open Olomouc"]
[Site "Olomouc (CZE), Hotel Sigma"]
[Date "2010.08.10"]
[Round "7.6"]
[White "Bugalski, Michal"]
[Black "Ageichenko, Gennady"]
[Result "0-1"]
[WhiteElo "2252"]
[BlackElo "2402"]
[PlyCount "118"]
[EventDate "2010.08.05"]

1. c4 Nf6 2. Nf3 e6 3. g3 d5 4. Bg2 c5 5. O-O Nc6 6. cxd5 exd5 7. d4 Be7 8. Nc3
O-O 9. dxc5 Bxc5 10. Bg5 d4 11. Bxf6 Qxf6 12. Ne4 Qe7 13. Nxc5 Qxc5 14. Qd2 Bf5
15. Rfd1 Rad8 16. Rac1 Qb5 17. Qf4 d3 18. exd3 Bxd3 19. Rd2 Qa5 20. Rcd1 Bc2
21. Rxd8 Nxd8 22. Qd2 Qxd2 23. Rxd2 Bb1 24. a3 Ne6 25. Ne5 Rd8 26. Rxd8+ Nxd8
27. Nc4 b6 28. Nd6 a6 29. Nc8 b5 30. b4 Kf8 31. Bd5 Bd3 32. f4 Bf5 33. Nd6 Bd7
34. Ne4 Bc6 35. Bxc6 Nxc6 36. Nc5 a5 37. Nd3 Ke7 38. Kf2 Kd6 39. Ke2 Kd5 40.
bxa5 Nxa5 41. Kd2 Nc4+ 42. Kc3 Nxa3 43. Kb4 Nc2+ 44. Kxb5 Ne3 45. Nb4+ Ke4 46.
Kc5 Nf1 47. Kd6 Nxh2 48. Ke7 Nf1 49. g4 f5 50. gxf5 h5 51. Kf7 Ng3 52. Kxg7 h4
53. f6 Nh5+ 54. Kg6 Nxf6 55. Kxf6 h3 56. f5 h2 57. Nd3 Kxd3 58. Kg7 h1=Q 59. f6
Qg2+ 0-1

[Event "Olomouc 2010 - Open Olomouc"]
[Site "Olomouc (CZE), Hotel Sigma"]
[Date "2010.08.10"]
[Round "7.7"]
[White "Vorobyov, Yrij"]
[Black "Tolstikh, Nikolai"]
[Result "1/2-1/2"]
[WhiteElo "2210"]
[BlackElo "2387"]
[PlyCount "22"]
[EventDate "2010.08.05"]

1. d4 Nf6 2. Nf3 e6 3. e3 c5 4. Bd3 d5 5. b3 Nc6 6. a3 Bd6 7. Bb2 O-O 8. Nbd2
a5 9. O-O a4 10. dxc5 Bxc5 11. b4 Be7 1/2-1/2

[Event "Olomouc 2010 - Open Olomouc"]
[Site "Olomouc (CZE), Hotel Sigma"]
[Date "2010.08.10"]
[Round "7.8"]
[White "Malinovsky-Jun., Karel"]
[Black "Zakharchenko, Arnold"]
[Result "1/2-1/2"]
[WhiteElo "2348"]
[BlackElo "2224"]
[PlyCount "99"]
[EventDate "2010.08.05"]

1. e4 c6 2. d4 d5 3. Nc3 dxe4 4. Nxe4 Nf6 5. Nxf6+ gxf6 6. c3 Bf5 7. Nf3 e6 8.
Bd3 Bxd3 9. Qxd3 Qc7 10. Be3 Nd7 11. O-O-O O-O-O 12. g4 Bd6 13. h3 h5 14. Nd2
Rdg8 15. Qe2 Be7 16. c4 Rh7 17. Qf3 Rgh8 18. Kb1 Qd8 19. Ne4 Qg8 20. Rhg1 hxg4
21. hxg4 Qg6 22. Ka1 Rh3 23. Qf4 e5 24. dxe5 fxe5 25. Qf5 Qxf5 26. gxf5 Rf3 27.
f6 Nxf6 28. Ng5 Rf5 29. Nxf7 Rf8 30. Ng5 Rg8 31. Ne6 Rxg1 32. Rxg1 Kd7 33. Nc5+
Bxc5 34. Bxc5 b6 35. Rg7+ Kc8 36. Be3 Ne4 37. Rxa7 c5 38. a4 Nxf2 39. a5 Nd3
40. Bd2 bxa5 41. Bxa5 e4 42. Rc7+ Kb8 43. Re7 Rf2 44. Rxe4 Nxb2 45. Bc3 Na4 46.
Be5+ Kb7 47. Re3 Nb6 48. Re4 Rc2 49. Kb1 Rxc4 50. Rxc4 1/2-1/2

[Event "Olomouc 2010 - Open Olomouc"]
[Site "Olomouc (CZE), Hotel Sigma"]
[Date "2010.08.10"]
[Round "7.9"]
[White "Costantini, Roberto"]
[Black "Berezovich, Alexander"]
[Result "1-0"]
[WhiteElo "2286"]
[BlackElo "2228"]
[PlyCount "71"]
[EventDate "2010.08.05"]

1. e4 d6 2. d4 g6 3. Nc3 Bg7 4. Be3 c6 5. Qd2 Nd7 6. h3 b5 7. Bd3 Qc7 8. Nf3
Bb7 9. Ne2 Ngf6 10. Ng3 O-O 11. Bh6 e5 12. h4 Bxh6 13. Qxh6 Ng4 14. Qg5 Ndf6
15. dxe5 dxe5 16. h5 h6 17. Qd2 Kg7 18. Nh4 Ng8 19. f3 N4f6 20. hxg6 fxg6 21.
O-O-O Rad8 22. Qe1 Bc8 23. Nf1 Nh5 24. g3 Nhf6 25. Ne3 Rfe8 26. Kb1 Be6 27. g4
Nh7 28. Qc3 Rb8 29. b3 Nhf6 30. Rdg1 Nh7 31. f4 Kf7 32. f5 gxf5 33. gxf5 Bd7
34. Ng6 Nhf6 35. Bc4+ bxc4 36. Qxc4+ 1-0

[Event "Olomouc 2010 - Open Olomouc"]
[Site "Olomouc (CZE), Hotel Sigma"]
[Date "2010.08.10"]
[Round "7.11"]
[White "Sochorova, Petra"]
[Black "Tomba, Ivan"]
[Result "1-0"]
[WhiteElo "2175"]
[BlackElo "2275"]
[PlyCount "65"]
[EventDate "2010.08.05"]

1. e4 c5 2. Nf3 d6 3. d4 cxd4 4. Nxd4 e6 5. Nc3 a6 6. Be3 b5 7. g4 Bb7 8. Bg2
Nd7 9. a3 Rc8 10. g5 Ne5 11. O-O Nc4 12. Bc1 Ne7 13. Qg4 g6 14. Nde2 Bg7 15. b3
Nb6 16. Bb2 O-O 17. Rad1 Qc7 18. Rd3 Qc5 19. Rh3 Nd7 20. Qh4 f6 21. Nf4 Kf7 22.
Qxh7 Rh8 23. Qxg7+ Kxg7 24. Nxe6+ Kf7 25. Nxc5 dxc5 26. gxf6 Nxf6 27. Rxh8 Rxh8
28. Nd5 Nexd5 29. exd5 c4 30. bxc4 bxc4 31. d6 Bxg2 32. Kxg2 Rd8 33. Bxf6 1-0

[Event "Olomouc 2010 - Open Olomouc"]
[Site "Olomouc (CZE), Hotel Sigma"]
[Date "2010.08.10"]
[Round "7.12"]
[White "Freyberg, Dominic"]
[Black "Nguyen, Piotr"]
[Result "0-1"]
[WhiteElo "2202"]
[BlackElo "2372"]
[PlyCount "84"]
[EventDate "2010.08.05"]

1. e4 d6 2. Nc3 Nf6 3. f4 g6 4. Bc4 Bg7 5. d3 c6 6. Nf3 d5 7. Bb3 O-O 8. O-O a5
9. a3 Bg4 10. Qe1 Na6 11. e5 Ne8 12. Nh4 Nc5 13. Ba2 b5 14. Qg3 Bf5 15. Ne2 Qc7
16. Be3 Nb7 17. Nxf5 gxf5 18. Rf3 e6 19. Qh4 f6 20. Rh3 h6 21. d4 c5 22. g4
fxg4 23. Qxg4 f5 24. Qg6 Qf7 25. Rxh6 Qxg6+ 26. Rxg6 Kf7 27. Rg2 c4 28. b3 Nc7
29. a4 Rfc8 30. axb5 cxb3 31. Bxb3 Nxb5 32. Ng3 Nc3 33. Bd2 Bf8 34. Bxc3 Rxc3
35. Nxf5 Rxb3 36. cxb3 exf5 37. Rc1 Nd8 38. Rc7+ Be7 39. Rg5 Ne6 40. Rxf5+ Kg6
41. Rxe7 Kxf5 42. Rf7+ Ke4 0-1

[Event "Olomouc 2010 - Open Olomouc"]
[Site "Olomouc (CZE), Hotel Sigma"]
[Date "2010.08.10"]
[Round "7.13"]
[White "Mulenko, Alexandr"]
[Black "Pozin, Sergey"]
[Result "0-1"]
[WhiteElo "2114"]
[BlackElo "2414"]
[PlyCount "70"]
[EventDate "2010.08.05"]

1. d4 Nf6 2. Nf3 g6 3. g3 Bg7 4. Bg2 O-O 5. O-O d6 6. b3 Bf5 7. Bb2 Qd7 8. Nh4
d5 9. Nxf5 gxf5 10. c4 c6 11. Nd2 e6 12. Qc2 Na6 13. Rad1 Rac8 14. Qb1 Rfd8 15.
f3 Qe7 16. e4 dxe4 17. fxe4 Ng4 18. exf5 Ne3 19. f6 Bxf6 20. Rxf6 Qxf6 21. d5
Qg6 22. Ne4 Nxd1 23. Nf6+ Kf8 24. Qxd1 cxd5 25. Qd4 Nc5 26. cxd5 exd5 27. Ng4
Rc6 28. b4 Ne6 29. Qh8+ Ke7 30. Bf6+ Kd6 31. Bxd8 Qxg4 32. Bf6 Rc1+ 33. Bf1 Qc4
34. Qb8+ Kd7 35. Qxb7+ Nc7 0-1

[Event "Olomouc 2010 - Open Olomouc"]
[Site "Olomouc (CZE), Hotel Sigma"]
[Date "2010.08.10"]
[Round "7.16"]
[White "Neumeier, Lars"]
[Black "Snorek, Milan"]
[Result "1/2-1/2"]
[WhiteElo "2281"]
[BlackElo "2143"]
[PlyCount "69"]
[EventDate "2010.08.05"]

1. d4 d5 2. Nf3 Nf6 3. c4 dxc4 4. Nc3 Nc6 5. e4 Na5 6. Ne5 c6 7. Nxc4 Nxc4 8.
Bxc4 b5 9. Bb3 b4 10. e5 bxc3 11. exf6 cxb2 12. Bxb2 Qa5+ 13. Qd2 Qxd2+ 14.
Kxd2 gxf6 15. f4 e6 16. Rac1 Bb4+ 17. Bc3 Bd6 18. g3 O-O 19. Ba5 Bb7 20. Rhe1
Rac8 21. Ba4 Rfe8 22. Rc2 Re7 23. Rec1 e5 24. fxe5 fxe5 25. d5 c5 26. Ke3 f5
27. Bb4 Bxd5 28. Rd2 Rb8 29. Rxd5 Rxb4 30. Bb3 Bc7 31. Ke2 Kg7 32. Rcxc5 Re4+
33. Kf1 Bb6 34. Rc8 Rd4 35. Rc6 1/2-1/2

[Event "Olomouc 2010 - Open Olomouc"]
[Site "Olomouc (CZE), Hotel Sigma"]
[Date "2010.08.10"]
[Round "7.17"]
[White "Cajbel, Maciej"]
[Black "Tesar, Jan"]
[Result "0-1"]
[WhiteElo "2241"]
[BlackElo "2114"]
[PlyCount "60"]
[EventDate "2010.08.05"]

1. e4 c5 2. Nf3 a6 3. c3 d5 4. exd5 Nf6 5. c4 e6 6. dxe6 Bxe6 7. Be2 Nc6 8. O-O
Be7 9. b3 Qb6 10. Bb2 Rd8 11. Na3 O-O 12. Nc2 Bf5 13. Ne3 Be4 14. Ng5 Bg6 15.
f4 Bd3 16. Bxd3 Rxd3 17. Qe2 Rd7 18. Nf5 Qd8 19. Rad1 Nd4 20. Bxd4 cxd4 21. Rf3
Ng4 22. Rh3 h5 23. Rxh5 Nf6 24. Rh3 d3 25. Nxe7+ Rxe7 26. Qxd3 Qb6+ 27. Kh1
Rfe8 28. Qg3 Ng4 29. Rf1 Nf2+ 30. Kg1 Nxh3+ 0-1

[Event "Olomouc 2010 - Open Olomouc"]
[Site "Olomouc (CZE), Hotel Sigma"]
[Date "2010.08.11"]
[Round "8.1"]
[White "Zilka, Stepan"]
[Black "Castaldo, Folco"]
[Result "1/2-1/2"]
[WhiteElo "2493"]
[BlackElo "2403"]
[PlyCount "34"]
[EventDate "2010.08.05"]

1. d4 f5 2. c4 e6 3. g3 Nf6 4. Bg2 Bb4+ 5. Nd2 d5 6. Nh3 Nc6 7. e3 O-O 8. O-O
a5 9. Nf4 a4 10. h4 Bxd2 11. Qxd2 Ne4 12. Qc2 Nb4 13. Qe2 dxc4 14. Qxc4 Nd5 15.
Nd3 Qd6 16. a3 b6 17. Rd1 Bb7 1/2-1/2

[Event "Olomouc 2010 - Open Olomouc"]
[Site "Olomouc (CZE), Hotel Sigma"]
[Date "2010.08.11"]
[Round "8.3"]
[White "Savitskiy, Sergey"]
[Black "Costantini, Roberto"]
[Result "1-0"]
[WhiteElo "2245"]
[BlackElo "2286"]
[PlyCount "73"]
[EventDate "2010.08.05"]

1. e4 c5 2. Nf3 d6 3. d4 cxd4 4. Nxd4 Nf6 5. Nc3 a6 6. f4 e5 7. Nf3 Nbd7 8. a4
Be7 9. Bd3 O-O 10. O-O Nc5 11. Kh1 exf4 12. Bxf4 Bg4 13. Qd2 Bh5 14. Nd4 Bg6
15. Nf5 Bxf5 16. exf5 d5 17. Rfe1 Re8 18. h3 Qb6 19. a5 Qc6 20. Qf2 Rad8 21.
Qf3 Nxd3 22. cxd3 Bb4 23. Rec1 Qd7 24. Bg5 Re5 25. Rf1 Bxc3 26. Bxf6 gxf6 27.
bxc3 Rde8 28. Rab1 Kh8 29. Qf4 d4 30. cxd4 Rxa5 31. Rb6 Ra2 32. Qh4 Qd8 33.
Rxb7 Kg7 34. Qg4+ Kf8 35. Rfb1 Qd5 36. Rb8 Rae2 37. Qxe2 1-0

[Event "Olomouc 2010 - Open Olomouc"]
[Site "Olomouc (CZE), Hotel Sigma"]
[Date "2010.08.11"]
[Round "8.4"]
[White "Ageichenko, Gennady"]
[Black "Johansson, Jan"]
[Result "1-0"]
[WhiteElo "2402"]
[BlackElo "2428"]
[PlyCount "85"]
[EventDate "2010.08.05"]

1. d4 Nf6 2. c4 e6 3. Nf3 Bb4+ 4. Bd2 Qe7 5. g3 Nc6 6. Nc3 d5 7. a3 Bxc3 8.
Bxc3 O-O 9. Bg2 Bd7 10. O-O Rfd8 11. b3 a5 12. Qd3 a4 13. b4 Na7 14. Ne5 dxc4
15. Qc2 Nd5 16. Nxc4 Bb5 17. Bb2 Nc8 18. Rfe1 Bxc4 19. Qxc4 c6 20. e4 Nc7 21.
Rad1 Nb5 22. h3 Nb6 23. Qc2 Rd7 24. Bf1 Rc8 25. Qc5 Qxc5 26. dxc5 Rcd8 27. Rxd7
Nxd7 28. Rd1 f6 29. Bc4 Kf7 30. f4 Ke7 31. Kf2 Rb8 32. g4 h6 33. h4 b6 34. cxb6
Nxb6 35. Be2 Nd7 36. Rc1 Rb6 37. Ke3 Kd6 38. e5+ fxe5 39. fxe5+ Kc7 40. Bc4 c5
41. Be2 Na7 42. Bd4 Nc6 43. Bxc5 1-0